| 000 | 01156nam a2200313 a 4500 | ||
|---|---|---|---|
| 001 | BRCA_2989 | ||
| 005 | 20190320204047.0 | ||
| 008 | 231208s1938----ci-a---###---#000-0#scr-u | ||
| 041 | _ascr | ||
| 044 | _aci | ||
| 084 |
_a312 _b.N37 _c1938 |
||
| 100 | 1 |
_aCervantes Saavedra, Miguel de _d1547-1616 _9213 |
|
| 245 | 1 | 0 |
_aDon Kihot _cMiguel de Cervantes Saavedra. |
| 260 |
_aZagreb _bNasa Djeca _c[1938?] |
||
| 300 |
_a2 v. _bil. (a color) _c20 cm. |
||
| 500 | _aContenido : Edición compendiada para los niños con excelentes ilustraciones a colores | ||
| 500 | _aEdición : Priredio Mate Ujevic. Ilustrirao Vladimir Kirin | ||
| 500 | _aEjemplar por completo igual al LO-311 Lúdovik Osterc | ||
| 500 | _aQMR121? | ||
| 546 | _aTexto en : croata | ||
| 650 | 1 | 4 |
_aNovela española _yÉpoca clásica, 1500-1700 _9215 |
| 650 | 1 | 4 |
_aLiteratura española _yÉpoca clásica, 1500-1700 _9216 |
| 650 | 1 | 4 |
_aNovela española _ySiglo XVII _9217 |
| 650 | 1 | 4 |
_aDon Quijote (Personaje ficticio) _eNovela _9218 |
| 700 | 1 |
_aKirin, Vladimir _d1894-1963 _eIlustrador _98274 |
|
| 740 | 0 | _aEl Ingenioso Hidalgo Don Quijote de la Mancha | |
| 902 | _aQFM | ||
| 942 |
_2lcc _cB |
||
| 999 |
_c2728 _d2728 |
||